000 00314nam a22001337a 4500
020 _a1-59339-267-2
082 _a030
_bBRI/L
100 _aBRITANNICA
245 _aLEARNING LIBRARY
260 _aDELHI
_bENCYCLOPEDIA BRITANNICA (INDIA) PVT LTD
_c2006
300 _a575
650 _aENCYCLOPEDIA
_zINDIA
942 _cBK
999 _c2198
_d2198